• 首页
  • 本馆介绍
  • 公告通知
  • 最新文献
  • 馆藏检索
  • 电子资源
  • 读者导购
  • 参考咨询
  • 我的图书馆
  • 登录
  • 详细信息显示
  • 放入我的书架
  • 预约/预借图书
  • 作者相关作品
  • 分类相关作品
  • 丛书相关作品
  • 出版社相关作品

书目信息

  • 表格格式
  • 工作单格式
  • 卡片格式
题名:
无机化学
    
 
作者: 王宝仁 主编
分册:   实训篇
出版信息: 大连   大连理工大学出版社  2014
页数: 111页
开本: 26cm
丛书名:
单 册:
中图分类: O61 , O61-33
科图分类:
主题词: 无机化学--高等职业教育--教材 , 无机化学--化学实验--高等职业教育--教材
电子资源:
ISBN: 978-7-5611-8500-1
000 01028nam0 2200289 450
001 0103175693
005 20140701144043.0
010    @a978-7-5611-8500-1@dCNY18.80
100    @a20140617d2014 em y0chiy0120 ea
101 0  @achi
102    @aCN@b210000
105    @aa z 000yy
106    @ar
200 1  @a无机化学@9Wu;Mo Ji Hua Xue @i实训篇@f王宝仁主编@b专著
205    @a第三版
210    @a大连@c大连理工大学出版社@d2014
215    @a111页@c图@d26cm
300    @a新世纪高职高专化工类课程规划教材
304    @a新世纪高职高专教材编审委员会组编
330    @a本书包括无机化学实验基本知识和无机化学实验两部分。无机化学实验基本知识包括实验的任务、规则、安全、意外事故的处理等。无机化学实验部分共有32个实验,分为一般性实验、综合性实验、生活趣味性实验。
606 0  @a无机化学@x高等职业教育@j教材
606 0  @a无机化学@x化学实验@x高等职业教育@j教材
690    @aO61@v5
690    @aO61-33@v5
701  0 @a王宝仁@c(石化)@9wang bao ren@4主编
801  0 @aCN@bAZmarc@c20230902
905    @aBZT@dO61@e48=3@f5@sO61/48=3
    
    无机化学.实训篇/王宝仁主编.-第三版.-大连:大连理工大学出版社,2014
    111页:图;26cm
    新世纪高职高专化工类课程规划教材
    
    ISBN 978-7-5611-8500-1:CNY18.80
    本书包括无机化学实验基本知识和无机化学实验两部分。无机化学实验基本知识包括实验的任务、规则、安全、意外事故的处理等。无机化学实验部分共有32个实验,分为一般性实验、综合性实验、生活趣味性实验。
●
相关链接 在五车中查询图书 在当当中查询图书 在豆瓣中查询图书


正题名:无机化学     索取号:O61/48=3         预约/预借

序号 登录号 条形码 馆藏地/架位号 状态 备注
1 2000024973   2000024973   旧书回溯/ [索取号:O61/48=3] 在馆    
2 2000024974   2000024974   旧书回溯/ [索取号:O61/48=3] 在馆    
3 2000024975   2000024975   旧书回溯/ [索取号:O61/48=3] 在馆    
4 2000024976   2000024976   旧书回溯/ [索取号:O61/48=3] 在馆    
5 2000024977   2000024977   旧书回溯/ [索取号:O61/48=3] 在馆    
山东省滨州职业学院图书馆 欢迎您!
大连网信软件有限公司© 版权所有